|
|
|
|
| LEADER |
00834nta a2200205 i 4500 |
| 001 |
dipl131542 |
| 005 |
20221123090414.0 |
| 008 |
221122s2009 hu om 0|| hun d |
| 040 |
|
|
|a SZTE Diploma Repozitórium
|b hun
|
| 041 |
|
|
|a hun
|
| 100 |
1 |
|
|a Novák Tamás
|
| 245 |
1 |
2 |
|a A gazdasági társaságok letelepedési szabadsága és székhelyáthelyezése az Európai Unióban
|h [elektronikus dokumentum] /
|c Tamás Novák
|
| 246 |
1 |
0 |
|a The freedom of establishment and the transfer of seat of the companies in the European Union
|h [elektronikus dokumentum]
|
| 260 |
|
|
|c 2009
|
| 650 |
|
4 |
|a Jogi és igazgatási tanulmányok
|
| 650 |
|
4 |
|a Social sciences
|
| 650 |
|
4 |
|a Law
|
| 650 |
|
4 |
|a Law, criminology, penology
|
| 700 |
1 |
|
|a Papp Tekla
|e ths
|
| 856 |
4 |
0 |
|u https://diploma.bibl.u-szeged.hu/id/eprint/131542/1/2009_novak_tamas.pdf
|z Dokumentum-elérés
|